000 01214nam a22002657a 4500
005 20240530110508.0
008 151013s2010 ua g b 000 u ara d
017 _a2010/11566
_bمصر . دار الكتب المصرية
020 _a9789773222706
040 _aEG-CaGPL
082 0 4 _221
_a810.80357\
_bق ر
100 0 _aقاسم عبده قاسم
245 1 2 _aالرواية التاريخية فى الادب العربى الحديث :
_bنصوص تاريخية و نماذج تطبيقية من الرواية المصرية /
_cتاليف قاسم عبده قاسم ، احمد ابراهيم الهوارى
250 _aط1
260 _aالقاهرة :
_bعين للدراسات و البحوث الانسانية و الاجتماعية ،
_c2010 .
300 _a172 ص ؛
_c24 سم .
504 _aيشتمل على ارجاعات ببليوجرافية
650 0 4 _aالادب العربى
_xتاريخ
650 0 4 _aالبلاغة العربية
650 0 4 _aالقصة العربية
650 0 4 _aالقصص العربية
_xتاريخ
700 0 _aاحمد ابراهيم الهوارى
_eمؤلف مشارك
942 _2ddc
_cBK
999 _c61603
_d61603